[Event "Titled Tuesday intern op 11th Jun Early"]
[Site "Chess.com INT"]
[Date "2024.06.11"]
[Round "10"]
[White "Clawitter, Craig"]
[Black "Simonovic, Miroslav"]
[Result "0-1"]
[WhiteElo "2050"]
[BlackElo "2085"]
[PlyCount "56"]
[EventDate "2024.06.11"]
[EventType "swiss (blitz)"]
[EventRounds "11"]
[EventCountry "USA"]
[SourceTitle "EXT 2025"]
[Source "ChessBase"]
[SourceDate "2024.10.14"]
[SourceVersion "1"]
[SourceVersionDate "2024.10.14"]
[SourceQuality "1"]

1. e4 g6 2. d4 Bg7 3. Nc3 d6 4. Be3 a6 5. Qd2 b5 6. Bd3 Bb7 7. Nf3 Nd7 8. 0-0 c5 9. a3 c4 10. Be2 Ngf6 11. Bh6 0-0 12. Bxg7 Kxg7 13. e5 Nd5 14. Nxd5 Bxd5 15. exd6 exd6 16. Qf4 Qf6 17. Qg3 Rfe8 18. Rfe1 Re7 19. c3 Rae8 20. Bf1 Bxf3 21. Rxe7 Rxe7 22. gxf3 h5 23. f4 Nb6 24. Bg2 Qf5 25. Qf3 Na4 26. Qc6 Qxf4 27. Qxa6 Re2 28. Qxb5 Qxf2+ 0-1

[Event "Titled Tuesday intern op 11th Jun Early"]
[Site "Chess.com INT"]
[Date "2024.06.11"]
[Round "4"]
[White "Kaplan, Ebru"]
[Black "Simonovic, Miroslav"]
[Result "1/2-1/2"]
[WhiteElo "1966"]
[BlackElo "2085"]
[PlyCount "133"]
[EventDate "2024.06.11"]
[EventType "swiss (blitz)"]
[EventRounds "11"]
[EventCountry "USA"]
[SourceTitle "EXT 2025"]
[Source "ChessBase"]
[SourceDate "2024.10.14"]
[SourceVersion "1"]
[SourceVersionDate "2024.10.14"]
[SourceQuality "1"]

1. d4 Nf6 2. c4 c5 3. d5 b5 4. cxb5 a6 5. bxa6 Bxa6 6. Nc3 d6 7. Nf3 Nbd7 8. g3 g6 9. Bg2 Bg7 10. 0-0 0-0 11. Qc2 Ra7 12. h3 Qa8 13. Rd1 Rb8 14. e4 Bc4 15. b3 Bxb3 16. axb3 Rxa1 17. Bb2 Rxd1+ 18. Qxd1 Qb7 19. Nd2 Ne5 20. Qc2 Qa6 21. Bf1 Qb7 22. f4 Nf3+ 23. Nxf3 Qxb3 24. Qxb3 Rxb3 25. Ba1 Nxe4 26. Nxe4 Bxa1 27. Kf2 f5 28. Ned2 Ra3 29. Bb5 Bc3 30. Nc4 Ra2+ 31. Ke3 Bf6 32. g4 h6 33. gxf5 gxf5 34. Bd7 Rc2 35. Ncd2 Bd4+ 36. Nxd4 cxd4+ 37. Kd3 Rc3+ 38. Kxd4 Rxh3 39. Bxf5 Ra3 40. Ke4 Kg7 41. Nf3 h5 42. Ng5 h4 43. Bg4 Kf6 44. Nf3 Ra4+ 45. Ke3 Ra3+ 46. Kf2 Ra2+ 47. Kf1 Ra4 48. Kg2 Rxf4 49. Kh3 Ra4 50. Kxh4 Ra5 51. Kg3 Rxd5 52. Nh4 Ra5 53. Ng2 Ra3+ 54. Kh4 e5 55. Ne1 d5 56. Nc2 e4 57. Nxa3 Ke5 58. Kg3 d4 59. Nc4+ Kd5 60. Nb6+ Kc5 61. Kf4 d3 62. Nd7+ Kd4 63. Ne5 d2 64. Bd1 e3 65. Kf3 Kxe5 66. Kxe3 Kd5 67. Kxd2 1/2-1/2

[Event "Titled Tuesday intern op 11th Jun Early"]
[Site "Chess.com INT"]
[Date "2024.06.11"]
[Round "5"]
[White "Simonovic, Miroslav"]
[Black "Olhovik, Andrei"]
[Result "0-1"]
[WhiteElo "2085"]
[BlackElo "2282"]
[PlyCount "86"]
[EventDate "2024.06.11"]
[EventType "swiss (blitz)"]
[EventRounds "11"]
[EventCountry "USA"]
[SourceTitle "EXT 2025"]
[Source "ChessBase"]
[SourceDate "2024.10.14"]
[SourceVersion "1"]
[SourceVersionDate "2024.10.14"]
[SourceQuality "1"]

1. d4 d5 2. Bg5 f6 3. Bh4 Nh6 4. f3 Nf5 5. Bf2 Nc6 6. c3 e5 7. e4 Nfe7 8. dxe5 Nxe5 9. Nd2 dxe4 10. Nxe4 Qxd1+ 11. Rxd1 Bf5 12. Bb5+ c6 13. Ba4 Bxe4 14. fxe4 N7g6 15. Nf3 Be7 16. Bg3 Bd8 17. Nxe5 fxe5 18. Rf1 Bf6 19. Ke2 Ke7 20. Rd3 Rhd8 21. Rfd1 Rxd3 22. Rxd3 b5 23. Bb3 a5 24. a4 Rb8 25. axb5 Rxb5 26. c4 Rb4 27. Kd2 a4 28. Bc2 Rxb2 29. Ra3 Nf4 30. Bxf4 exf4 31. Rxa4 Bd4 32. Ra3 Kd6 33. Rb3 Ra2 34. Rb7 Kc5 35. Kd3 Ra3+ 36. Bb3 Ra1 37. Rf7 Bf6 38. g3 fxg3 39. hxg3 Rg1 40. e5 Rxg3+ 41. Ke4 Rxb3 42. exf6 gxf6 43. Rxf6 Rh3 0-1

[Event "Titled Tuesday intern op 11th Jun Early"]
[Site "Chess.com INT"]
[Date "2024.06.11"]
[Round "9"]
[White "Simonovic, Miroslav"]
[Black "Vlassis, Georgios"]
[Result "1-0"]
[WhiteElo "2085"]
[BlackElo "1994"]
[PlyCount "53"]
[EventDate "2024.06.11"]
[EventType "swiss (blitz)"]
[EventRounds "11"]
[EventCountry "USA"]
[SourceTitle "EXT 2025"]
[Source "ChessBase"]
[SourceDate "2024.10.14"]
[SourceVersion "1"]
[SourceVersionDate "2024.10.14"]
[SourceQuality "1"]

1. d4 d5 2. Bg5 c6 3. e3 Qb6 4. b3 e6 5. f4 Nf6 6. Bxf6 gxf6 7. Bd3 f5 8. Nf3 Nd7 9. 0-0 Nf6 10. Ne5 Bd6 11. c4 Bxe5 12. c5 Ne4 13. cxb6 Bf6 14. Bxe4 fxe4 15. bxa7 Rxa7 16. Nc3 Bd7 17. Kh1 b5 18. g4 Ke7 19. f5 exf5 20. gxf5 Rg8 21. Rg1 Raa8 22. Qh5 Rad8 23. Rxg8 Rxg8 24. Rg1 Rh8 25. a4 b4 26. Na2 Rg8 27. Rxg8 1-0